000
00320nam a2200121Ia 4500
008
191201s2018 xx 000 0 und d
100
_a
CHANDAK, Shyam
245
0
_a
Pharmaceutical Jurisprudence
260
_b
Nirali Pub
_a
New Delhi
_c
2018
300
_a
MISC
650
_a
Pharmaceutical Jurisprudence
942
_2
ddc
_c
BK
_0
14
999
_c
8291
_d
8291